| 000 | 00514nam a22001697a 4500 | ||
|---|---|---|---|
| 999 |
_c62224 _d62224 |
||
| 005 | 20240823130142.0 | ||
| 008 | 240823r2002 enk||||| |||| 00| 0 eng d | ||
| 022 | _a0966 8373 | ||
| 041 | _aeng | ||
| 245 |
_aEuropean Journal of Philosophy : _b2002 / _cEditor Robert Stern. |
||
| 260 |
_aKent : _bBlackwell, _c2002. |
||
| 300 | _aV. | ||
| 653 | _aფილოსოფია | ||
| 653 | _aპერიოდიკა | ||
| 700 |
_aStern, Robert _eრედაქტორი _923108 |
||
| 942 |
_2udc _cᲬᲘᲒᲜᲘ |
||